000
00291nam a22001337a 4500
008
181107b xxu||||| |||| 00| 0 eng d
020
_a
0273019880
041
_a
eng
080
_a
336
100
_a
55
101
_a
MAN
245
_a
Mnagemnet Of Values
_c
Charles.S.M
942
_2
udc
_c
BK
999
_c
52205
_d
52205